| 000 | 00522nam a22001817a 4500 | ||
|---|---|---|---|
| 005 | 20251108165829.0 | ||
| 008 | 250721s1978 xx 000 0 ara d | ||
| 082 | 1 | 4 | _aط/633.74/سمي |
| 100 | 1 | _aسميث، مايكل | |
| 245 | 1 | 0 | _aالشوكلاتة و الكاكاو / |
| 264 | 1 |
_aبيروت : _bمكتبة لبنان، _c1978. |
|
| 300 | _a50ص ؛مص | ||
| 490 | 0 | _aليديبرد | |
| 650 | 1 | 7 | _aالكاكاو |
| 700 | 1 |
_aالخطيب، أحمد شفيق _eترجمة |
|
| 942 |
_2ddc _cBK |
||
| 999 |
_c32370 _d32370 |
||